00945nam a2200205 i 4500001000700000003000900007005001700016008004100033245017000074260004600244300002200290490011300312650001500425700003100440700002500471700003600496710005100532830011300583852004300696183670ES-MaACL20251108164905.0140918s1872 fr |||| | fre d03aLe respect de la vie b: séance de la Fédération Générale des Instituteurs Belges / cdiscours de M.M. H. Hymans, Frédéric Passy, A. Visschers, etc ... aParis : bPichon : bGuillaumin, c[1872] a115 p. ; c16 cm.1 aBibliothèque de la paix publiée par les soins de la Ligue internationale et permanente de la paix ; v1204aPacifismo.1 aHymans, Henri, d1836-19120 aPassy, Frédéric.1 aVisschers, Auguste, d1804-18742 aLigue Internationale et Permanente de la Paix.0 aBibliothèque de la paix publiée par les soins de la Ligue internationale et permanente de la paix ; v12 aES-MaACLjT-1295-F-5 z.- Donat. Bosch